000 01210 a2200229 4500
001 19626
005 20260407155500.0
008 260407a1989 arg spa d
003 AR-UNSa-BCEJYS
040 _aAR-UNSa-BCEJYS
_bspa
_cAR-UNSa-BCEJYS
080 _a336.74
_xMoneda. Sistema monetario
245 1 0 _aDerecho monetario
020 _a950-9163-97-X
264 1 _aSanta Fe :
_bRubinzal-Culzoni Editores
_c1989
300 _a493 p.
_c22 cm.
505 _a1. Economía y derecho - 2. La moneda nacional: El Austral; 3. La obligación dineraria; 4. La moneda extranjera; 5. El reajuste de las obligaciones dinerarias; 6. La obligación de intereses; 7. Derecho y economía; 8. El análisis monetario; 9. El pago; 10. Moneda y contrato; 11. La moneda extranjera; 12. Moneda y comercio exterior; 13. Desvalorización de la moneda e ingreso; 14. Desvalorización de la moneda y seguro; 15. Desvalorización de la moneda y responsabilidad; 16. Moneda y garantias
942 _cBK
590 _aniveau_biblio:m niveau_hierar:0
100 1 _aMosset Iturraspe, Jorge
700 1 _aLorenzetti, Ricardo Luis
856 4 1 _uhttps://www.biblioeco.unsa.edu.ar/pmb/images/libros/19626.jpg
_yImagen de portada
_qimage/jpeg
999 _c740
_d740